| 000 | 00869cam a22002537a 4500 | ||
|---|---|---|---|
| 001 | 1399582 | ||
| 003 | OSt | ||
| 005 | 20230620115644.0 | ||
| 008 | 820924s1976 rb 000 0 eng | ||
| 010 | _a 82211274 | ||
| 040 |
_aDLC _cDLC _dDLC |
||
| 082 |
_a320.4 _bSFR |
||
| 130 | 0 |
_aStanje i problemi u unutrašnjoj i spoljnoj politici Jugoslavije. _lEnglish. |
|
| 245 | 1 | 4 |
_aThe situation and problems in internal and foreign policy / _c[editor-in-chief Dragoljub Đurović]. |
| 260 |
_aBelgrade ; _aLjubljana : _bDopisna delavska univerza, _c1976. |
||
| 300 |
_a199 p. ; _c21 cm. |
||
| 490 | 1 | _aThe S.F.R. of Yugoslavia Assembly series | |
| 653 | 0 |
_aYugoslavia; _apolitics and government |
|
| 700 | 1 | _aĐurović, Dragoljub. | |
| 830 | 0 | _aSFRY Assembly series | |
| 906 |
_a7 _bcbc _corignew _d4 _encip _f19 _gy-gencatlg |
||
| 942 |
_2ddc _cBK |
||
| 999 |
_c1675 _d1675 |
||